000 00498nam a2200133 a 4500
008 120416s1979 ||||||||||||||||| || u
050 _aHF 5549.5 Ind
245 0 0 _aPersonnel systems and records
_ccompiled by The Industrial Society
250 _a3rd.ed
260 _aPortsmouth
_bGower
_c1979
300 _axvi, 221p. : ill
350 _a0.00
995 _D0.00
_FCBU-MAIN LIBRARY (Kitwe)
_H1
_I0.00
_UAVAILABLE
_ZMain Library Open Access Collection
999 _c53416
_d53416